| 000 | 00856cam a22002654a 4500 | ||
|---|---|---|---|
| 020 | _a9780821372364 | ||
| 020 | _a082137236X | ||
| 040 | _cDLC | ||
| 082 | 0 | 0 | _a618 WOR 2008 A091 Or. |
| 245 | 0 | 0 |
_aEnvironmental health and child survival : _bepidemiology, economics, experiences. |
| 260 |
_aWashington, DC : _bWorld Bank, _cc2008. |
||
| 300 |
_axiii, 209 p. : _bill. ; _c23 cm. |
||
| 490 | 1 | _aEnvironment and development | |
| 650 | 0 | _aEnvironmentally induced diseases in children | |
| 650 | 0 | _aMalnutrition in children | |
| 650 | 1 | 2 | _aChild, Preschool. |
| 650 | 1 | 2 | _aEnvironmental Health. |
| 650 | 2 | 2 | _aCost of Illness. |
| 650 | 2 | 2 | _aDeveloping Countries. |
| 650 | 2 | 2 | _aDisorders of Environmental Origin. |
| 650 | 2 | 2 | _aMalnutrition. |
| 710 | 2 | _aWorld Bank. | |
| 856 | 4 | 1 | _uhttp://www.loc.gov/catdir/toc/ecip0818/2008022136.html |
| 942 | _cEK | ||
| 999 |
_c15543 _d15543 |
||